000 00596nam a2200181 i 4500
001 97104
003 ES-MaACL
007 t|
008 050706s1916 fr ||||1| fre d
245 0 0 _aManuel de mécanique
_b: conforme aux programmes de 1905 et 1911 /
_cpar F. G.- M.
260 _aTours :
_bMaison A. Mame et Fils,
_c1916.
300 _aXV, 432 p. :
_bil. ;
_c19 cm.
490 1 _aCours de mathématiques élémentaires
700 1 _aFrère, Gabriel-Marie.
_952519
830 0 _aCours de mathématiques élémentaires
_9182800
852 _aES-MaACL
_jE-924
_bR.20615
999 _c97104
_d97104